[Event "Aut_chT0809"]
[Site "Graz"]
[Date "2008.11.07"]
[Round "1"]
[Board "1"]
[White "Beliavsky, Alexander"]
[Black "Ragger, Markus"]
[Result "1/2-1/2"]
[WhiteElo "2646"]
[BlackElo "2540"]
[PlyCount "61"]
[EventDate "2008.11.07"]
[EventType "team"]
[EventRounds "11"]
[EventCountry "AUT"]
[WhiteTeam "Holz Dohr"]
[BlackTeam "SK Kl.Ztg.MPOE Maria Saal"]

1.d4 d5 2.c4 c6 3.Nc3 Nf6 4.e3 e6 5.Nf3 Nbd7 6.Qc2 Bd6 7.Bd3 O-O 8.O-O dxc4
9.Bxc4 a6 10.Ne4 Nxe4 11.Qxe4 Qe7 12.Rd1 e5 13.h3 exd4 14.Qxd4 Bc7 15.Bd2 Ne5
16.Nxe5 Qxe5 17.Bc3 Qxd4 18.Bxd4 Bf5 19.b4 Bc2 20.Rdc1 Ba4 21.Rab1 Rfe8 22.Bb3
Bxb3 23.Rxb3 Rad8 24.a4 Be5 25.Bb6 Rd2 26.b5 axb5 27.axb5 h6 28.bxc6 bxc6 29.Ba5
Ra2 30.Bc3 c5 31.Bxe5

[Event "Aut_chT0809"]
[Site "Graz"]
[Date "2008.11.07"]
[Round "1"]
[Board "2"]
[White "Pavasovic, Dusko"]
[Black "Baklan, Vladimir"]
[Result "1/2-1/2"]
[WhiteElo "2598"]
[BlackElo "2627"]
[PlyCount "75"]
[EventDate "2008.11.07"]
[EventType "team"]
[EventRounds "11"]
[EventCountry "AUT"]
[WhiteTeam "SK Kl.Ztg.MPOE Maria Saal"]
[BlackTeam "Holz Dohr"]

1.e4 c5 2.Nf3 e6 3.c3 Nf6 4.e5 Nd5 5.Bc4 d6 6.d4 cxd4 7.cxd4 Nc6 8.Qe2 Be7 9.O-O
O-O 10.Rd1 Na5 11.b3 Bd7 12.Bxd5 exd5 13.Nc3 Be6 14.Ba3 a6 15.Qd3 Nc6 16.Re1 h6
17.Re3 Rc8 18.h3 Re8 19.Rae1 dxe5 20.Bxe7 Nxe7 21.dxe5 Nf5 22.R3e2 Qa5 23.Nd1
Rc1 24.Ne3 Rxe1+ 25.Nxe1 Nxe3 26.Qxe3 Rc8 27.Nf3 Qc3 28.Qxc3 Rxc3 29.Kh2 g5
30.Rd2 Kg7 31.Nd4 Kg6 32.Ne2 Rc8 33.g4 h5 34.Kg3 hxg4 35.hxg4 a5 36.f4 gxf4+
37.Nxf4+ Kg5 38.Nh3+

[Event "Aut_chT0809"]
[Site "Graz"]
[Date "2008.11.07"]
[Round "1"]
[Board "3"]
[White "Bischoff, Klaus"]
[Black "Buhmann, Rainer"]
[Result "1-0"]
[WhiteElo "2545"]
[BlackElo "2565"]
[PlyCount "63"]
[EventDate "2008.11.07"]
[EventType "team"]
[EventRounds "11"]
[EventCountry "AUT"]
[WhiteTeam "Holz Dohr"]
[BlackTeam "SK Kl.Ztg.MPOE Maria Saal"]

1.c4 c6 2.Nf3 d5 3.e3 Nf6 4.Nc3 a6 5.h3 e6 6.b3 Nbd7 7.Qc2 Bd6 8.Bb2 Qe7 9.g4 h6
10.Rg1 b5 11.h4 Nb6 12.g5 hxg5 13.hxg5 Nfd7 14.Ne2 Kf8 15.Ned4 Bb7 16.cxd5 cxd5
17.Rd1 Kg8 18.Bd3 Rc8 19.Qb1 Nc5 20.Ke2 Nxd3 21.Qxd3 Nd7 22.Rh1 Rxh1 23.Rxh1 Nf8
24.Qb1 Qd7 25.Qg1 e5 26.Qh2 Ng6 27.Nxe5 Bxe5 28.Qh7+ Kf8 29.Ba3+ Bd6 30.Bxd6+
Qxd6 31.Nf5 Nf4+ 32.Kd1

[Event "Aut_chT0809"]
[Site "Graz"]
[Date "2008.11.07"]
[Round "1"]
[Board "4"]
[White "Bunzmann, Dimitrij"]
[Black "Kosten, Anthony C"]
[Result "1-0"]
[WhiteElo "2488"]
[BlackElo "2514"]
[PlyCount "61"]
[EventDate "2008.11.07"]
[EventType "team"]
[EventRounds "11"]
[EventCountry "AUT"]
[WhiteTeam "SK Kl.Ztg.MPOE Maria Saal"]
[BlackTeam "Holz Dohr"]

1.d4 Nf6 2.c4 e6 3.Nf3 Bb4+ 4.Bd2 a5 5.g3 d5 6.Qc2 c5 7.Bg2 cxd4 8.Nxd4 O-O
9.cxd5 e5 10.Nb5 Nxd5 11.O-O Nc6 12.Rd1 Be6 13.a3 Be7 14.Be1 Qb6 15.Bxd5 Qxb5
16.Bxe6 fxe6 17.Nc3 Qc5 18.e3 a4 19.Qe4 Qb6 20.Nxa4 Qb3 21.Nc3 Rfc8 22.Qd3 Na5
23.Rab1 Bf8 24.Ne4 Qxd3 25.Rxd3 Nc4 26.Rb3 Rcb8 27.Bb4 b5 28.Bxf8 Kxf8 29.Rc1
Ke7 30.Rb4 Kd7 31.h4

[Event "Aut_chT0809"]
[Site "Graz"]
[Date "2008.11.07"]
[Round "1"]
[Board "5"]
[White "Kunin, Vitaly"]
[Black "Tratar, Marko"]
[Result "1/2-1/2"]
[WhiteElo "2546"]
[BlackElo "2497"]
[PlyCount "115"]
[EventDate "2008.11.07"]
[EventType "team"]
[EventRounds "11"]
[EventCountry "AUT"]
[WhiteTeam "Holz Dohr"]
[BlackTeam "SK Kl.Ztg.MPOE Maria Saal"]

1.d4 d5 2.c4 c6 3.Nf3 Nf6 4.Nc3 a6 5.c5 Nbd7 6.Bf4 g6 7.h3 Bg7 8.e3 O-O 9.Be2
Ne8 10.O-O Nc7 11.b4 Re8 12.Qd2 e5 13.dxe5 Nxe5 14.Nxe5 Bxe5 15.Bxe5 Rxe5 16.e4
a5 17.a3 axb4 18.axb4 Rxa1 19.Rxa1 Qf6 20.Rd1 dxe4 21.Qd6 Qe7 22.Qxe7 Rxe7
23.Rd8+ Re8 24.Rxe8+ Nxe8 25.Nxe4 Bf5 26.Nc3 Nc7 27.g4 Bc2 28.Bc4 g5 29.f4 gxf4
30.Kf2 Kg7 31.Kf3 Kf6 32.Kxf4 Ne6+ 33.Ke3 Ke5 34.Ne2 Bg6 35.h4 h6 36.Bxe6 Kxe6
37.Kd4 Bc2 38.Nf4+ Kf6 39.Nh5+ Ke6 40.Ng7+ Kf6 41.Ne8+ Ke6 42.Ke3 f5 43.g5 hxg5
44.hxg5 Ke5 45.Kd2 Bb3 46.g6 f4 47.g7 Be6 48.Ke2 Bc4+ 49.Kf2 Be6 50.Nd6 b6
51.Nb7 bxc5 52.Nxc5 Bd5 53.Nd7+ Kf5 54.Nb6 Bf7 55.Nc8 Kf6 56.Na7 Kxg7 57.Nxc6
Kf6 58.Nd4

[Event "Aut_chT0809"]
[Site "Graz"]
[Date "2008.11.07"]
[Round "1"]
[Board "6"]
[White "Kreisl, Robert"]
[Black "Freitag, Manfred"]
[Result "1/2-1/2"]
[WhiteElo "2394"]
[BlackElo "2406"]
[PlyCount "50"]
[EventDate "2008.11.07"]
[EventType "team"]
[EventRounds "11"]
[EventCountry "AUT"]
[WhiteTeam "SK Kl.Ztg.MPOE Maria Saal"]
[BlackTeam "Holz Dohr"]

1.e4 e5 2.Nf3 Nc6 3.Bb5 a6 4.Ba4 Nf6 5.O-O b5 6.Bb3 Be7 7.Re1 d6 8.c3 O-O 9.h3
Na5 10.Bc2 d5 11.d4 dxe4 12.Nxe5 c5 13.Be3 Bb7 14.Nd2 Qc7 15.Qb1 cxd4 16.cxd4
Rac8 17.Rc1 Qd6 18.a3 Bd5 19.b4 Nc6 20.Qb2 Qe6 21.Nxc6 Rxc6 22.Bd1 Rfc8 23.Nb3
Rxc1 24.Rxc1 Rxc1 25.Bxc1 Qc6

[Event "Aut_chT0809"]
[Site "Graz"]
[Date "2008.11.07"]
[Round "1"]
[Board "1"]
[White "Movsesian, Sergei"]
[Black "Weiss, Christian"]
[Result "1-0"]
[WhiteElo "2751"]
[BlackElo "2424"]
[PlyCount "58"]
[EventDate "2008.11.07"]
[EventType "team"]
[EventRounds "11"]
[EventCountry "AUT"]
[WhiteTeam "Husek Wien"]
[BlackTeam "Union Ansfelden"]

1.e4 c5 2.d3 e6 3.g3 d5 4.exd5 exd5 5.Bg2 Nf6 6.Ne2 Be7 7.O-O O-O 8.Bg5 Na6
9.Nbc3 d4 10.Bxf6 Bxf6 11.Nd5 Nc7 12.Nxc7 Qxc7 13.Nf4 Qd6 14.Nd5 Bd8 15.Qh5 Rb8
16.Rae1 g6 17.Qh6 Be6 18.Nf4 Bf6 19.Nxe6 fxe6 20.Be4 Bg7 21.Qg5 e5 22.h4 b5
23.h5 gxh5 24.Qxh5 h6 25.Kg2 Rbd8 26.Rh1 Qe6 27.f4 Qf7 28.fxe5 Qxh5 29.Rxh5 Rfe8

[Event "Aut_chT0809"]
[Site "Graz"]
[Date "2008.11.07"]
[Round "1"]
[Board "2"]
[White "Knoll, Hermann"]
[Black "Nakamura, Hikaru"]
[Result "0-1"]
[WhiteElo "2371"]
[BlackElo "2699"]
[PlyCount "82"]
[EventDate "2008.11.07"]
[EventType "team"]
[EventRounds "11"]
[EventCountry "AUT"]
[WhiteTeam "Union Ansfelden"]
[BlackTeam "Husek Wien"]

1.d4 Nf6 2.c4 e6 3.Nf3 b6 4.a3 Bb7 5.Nc3 d5 6.Bg5 Be7 7.Qa4+ c6 8.Bxf6 Bxf6
9.cxd5 exd5 10.g3 O-O 11.Bh3 c5 12.O-O Na6 13.Rfd1 Nc7 14.Rac1 Ne6 15.e3 Qe7
16.Bg2 Rfd8 17.Ne2 a6 18.Qb3 c4 19.Qc2 b5 20.Nf4 a5 21.Nh5 Bg5 22.Nxg5 Nxg5
23.h4 Ne4 24.Bxe4 dxe4 25.a4 Bc8 26.Nf4 Bg4 27.axb5 Bxd1 28.Rxd1 Qb4 29.Qxe4
Qxb2 30.Rb1 Qd2 31.Nh5 Qd3 32.Qxd3 cxd3 33.Nf4 d2 34.Nd3 Rdb8 35.Rd1 Rxb5
36.Rxd2 a4 37.Kf1 Rb1+ 38.Ke2 Ra1 39.d5 a3 40.Nb4 Rb1 41.Na2 Rb2

[Event "Aut_chT0809"]
[Site "Graz"]
[Date "2008.11.07"]
[Round "1"]
[Board "4"]
[White "Moser, Guenter"]
[Black "Laznicka, Viktor"]
[Result "0-1"]
[WhiteElo "2341"]
[BlackElo "2598"]
[PlyCount "60"]
[EventDate "2008.11.07"]
[EventType "team"]
[EventRounds "11"]
[EventCountry "AUT"]
[WhiteTeam "Union Ansfelden"]
[BlackTeam "Husek Wien"]

1.d4 g6 2.g3 Bg7 3.Bg2 Nf6 4.Nf3 c5 5.O-O cxd4 6.Nxd4 O-O 7.c4 d5 8.cxd5 Nxd5
9.Na3 Nb4 10.Be3 Nd5 11.Bc1 Nc6 12.Nxc6 bxc6 13.Qa4 Nb6 14.Qc2 Bf5 15.e4 Bg4
16.h3 Be6 17.Be3 Qc8 18.Kh2 Qa6 19.Rfd1 Qa4 20.Qe2 Qb4 21.Bxb6 axb6 22.e5 Ra5
23.f4 g5 24.Be4 gxf4 25.gxf4 Bd5 26.Bxd5 Qxf4+ 27.Kh1 Rxd5 28.Rxd5 cxd5 29.Re1
Qh4 30.Qf1 Rc8

[Event "Aut_chT0809"]
[Site "Graz"]
[Date "2008.11.07"]
[Round "1"]
[Board "5"]
[White "Chernin, Alexander"]
[Black "Klinger, Josef"]
[Result "1-0"]
[WhiteElo "2593"]
[BlackElo "2429"]
[PlyCount "45"]
[EventDate "2008.11.07"]
[EventType "team"]
[EventRounds "11"]
[EventCountry "AUT"]
[WhiteTeam "Husek Wien"]
[BlackTeam "Union Ansfelden"]

1.d4 g6 2.c4 Bg7 3.e4 d6 4.Nc3 Nc6 5.Be3 e5 6.d5 Nd4 7.Nge2 Nxe2 8.Bxe2 f5
9.exf5 gxf5 10.Bh5+ Kf8 11.f4 e4 12.O-O Nf6 13.c5 Bd7 14.cxd6 cxd6 15.Be2 Ke7
16.Qb3 Qa5 17.a4 Rhc8 18.Rfd1 Rc7 19.Nb5 Rcc8 20.Nxd6 Kxd6 21.Qa3+ Kc7 22.Qe7
Nxd5 23.Qxg7

[Event "Aut_chT0809"]
[Site "Graz"]
[Date "2008.11.07"]
[Round "1"]
[Board "6"]
[White "Felsberger, Alfred"]
[Black "Kummer, Helmut"]
[Result "1-0"]
[WhiteElo "2367"]
[BlackElo "2393"]
[PlyCount "173"]
[EventDate "2008.11.07"]
[EventType "team"]
[EventRounds "11"]
[EventCountry "AUT"]
[WhiteTeam "Union Ansfelden"]
[BlackTeam "Husek Wien"]

1.e4 e5 2.Nf3 Nc6 3.Bb5 a6 4.Ba4 Nf6 5.d4 exd4 6.O-O Be7 7.e5 Ne4 8.Nxd4 Nxd4
9.Qxd4 Nc5 10.Nc3 O-O 11.Bb3 Nxb3 12.axb3 d6 13.Bf4 dxe5 14.Qxe5 Bd6 15.Qd4 Bf5
16.Bxd6 Qxd6 17.Qxd6 cxd6 18.Rac1 Rfe8 19.Rfd1 Rac8 20.Kf1 Rc6 21.Rd2 Rec8
22.Ke1 Kf8 23.Kd1 Be6 24.Ne2 Rc5 25.Rxd6 Ke7 26.Rd4 g5 27.b4 R5c6 28.Kd2 h5
29.c3 h4 30.Re1 Rd6 31.f3 Rcd8 32.Ke3 Bb3 33.Rxd6 Rxd6 34.Nd4 Be6 35.Ra1 Kf6
36.Ra5 Bd7 37.Rc5 b6 38.Rc7 Ke5 39.Ra7 f5 40.Rxa6 f4+ 41.Kf2 g4 42.fxg4 Bxg4
43.h3 Bd1 44.Ra1 Bh5 45.Re1+ Kd5 46.Re7 Kc4 47.Re4 Rf6 48.Ne2+ Kb3 49.Rxf4 Rxf4+
50.Nxf4 Be8 51.Ke3 Kxb2 52.Kd4 Kb3 53.Nd3 Bb5 54.Nf4 Bf1 55.b5 Ka4 56.c4 Ka5
57.Kc3 Ka4 58.Kd4 Ka5 59.c5 Kxb5 60.cxb6 Kxb6 61.Ke3 Kc5 62.Kf2 Bb5 63.Ng6 Kd4
64.Nxh4 Ke5 65.g4 Kf4 66.Ng2+ Kg5 67.Kg3 Ba6 68.h4+ Kf6 69.Kf4 Bd3 70.Ne1 Bb1
71.Nf3 Bc2 72.h5 Kg7 73.Kg5 Bb1 74.Nd4 Bd3 75.Nf5+ Kh7 76.Nd4 Kg7 77.Ne6+ Kh7
78.Nf4 Bc2 79.Kf6 Bd1 80.g5 Bf3 81.Kf7 Kh8 82.Kf8 Bd1 83.g6 Bb3 84.h6 Ba2 85.Nh5
Bg8 86.Nf6 Bh7 87.g7#

[Event "Aut_chT0809"]
[Site "Graz"]
[Date "2008.11.07"]
[Round "1"]
[Board "1"]
[White "Balogh, Csaba"]
[Black "Ruck, Robert"]
[Result "1/2-1/2"]
[WhiteElo "2605"]
[BlackElo "2558"]
[PlyCount "53"]
[EventDate "2008.11.07"]
[EventType "team"]
[EventRounds "11"]
[EventCountry "AUT"]
[WhiteTeam "SK Advisory Invest Baden"]
[BlackTeam "ASVOE Pamhagen"]

1.e4 e5 2.Nf3 Nf6 3.Nxe5 d6 4.Nf3 Nxe4 5.Nc3 Nxc3 6.dxc3 Be7 7.Be3 Nc6 8.Qd2 Bg4
9.Be2 Qd7 10.O-O-O a6 11.h3 Be6 12.Ng5 Bxg5 13.Bxg5 f6 14.Be3 O-O-O 15.b3 Rhe8
16.Kb2 Bf5 17.Rhe1 Be4 18.f3 Bg6 19.Bf2 Re7 20.Bf1 Rde8 21.Rxe7 Rxe7 22.Re1 Rxe1
23.Qxe1 Qf5 24.Qe2 Ne5 25.Be3 Nc6 26.g4 Qe6 27.Bd2

[Event "Aut_chT0809"]
[Site "Graz"]
[Date "2008.11.07"]
[Round "1"]
[Board "2"]
[White "Ftacnik, Lubomir"]
[Black "Rausis, Igor"]
[Result "1-0"]
[WhiteElo "2562"]
[BlackElo "2501"]
[PlyCount "79"]
[EventDate "2008.11.07"]
[EventType "team"]
[EventRounds "11"]
[EventCountry "AUT"]
[WhiteTeam "ASVOE Pamhagen"]
[BlackTeam "SK Advisory Invest Baden"]

1.c4 e6 2.Nf3 Nf6 3.Nc3 d5 4.d4 Nbd7 5.Bg5 Be7 6.e3 O-O 7.Rc1 dxc4 8.Bxc4 a6
9.e4 b5 10.Bd3 Bb7 11.e5 Nd5 12.h4 Rc8 13.Ne4 f5 14.exf6 gxf6 15.Bh6 Rf7 16.O-O
Kh8 17.Re1 Qg8 18.Nc5 Nxc5 19.dxc5 Rd8 20.Qe2 Nb4 21.Bb1 Bd5 22.a3 Nc6 23.Be4
Bf8 24.Bxd5 exd5 25.Bxf8 Rfxf8 26.Qe6 Nb8 27.Nd4 Qg6 28.Qe7 Rg8 29.g3 Rd7 30.Qe6
Rdd8 31.h5 Qg5 32.c6 Rdf8 33.Qe2 Rf7 34.Rc3 Qf4 35.Rd3 Qd6 36.Nf5 Qxc6 37.Nh6
Rff8 38.Nxg8 Kxg8 39.Qg4+ Kh8 40.Re7

[Event "Aut_chT0809"]
[Site "Graz"]
[Date "2008.11.07"]
[Round "1"]
[Board "4"]
[White "Manik, Mikulas"]
[Black "Baumegger, Siegfried"]
[Result "1/2-1/2"]
[WhiteElo "2448"]
[BlackElo "2447"]
[PlyCount "25"]
[EventDate "2008.11.07"]
[EventType "team"]
[EventRounds "11"]
[EventCountry "AUT"]
[WhiteTeam "ASVOE Pamhagen"]
[BlackTeam "SK Advisory Invest Baden"]

1.e4 e5 2.Nf3 Nc6 3.Bc4 Bc5 4.c3 Nf6 5.d3 a6 6.Bb3 Ba7 7.Qe2 d6 8.h3 Ne7 9.Be3
Ng6 10.Bxa7 Rxa7 11.O-O O-O 12.Rd1 Nh5 13.Qe3

[Event "Aut_chT0809"]
[Site "Graz"]
[Date "2008.11.07"]
[Round "1"]
[Board "5"]
[White "Lendwai, Reinhard"]
[Black "Alvir, Aco"]
[Result "1/2-1/2"]
[WhiteElo "2418"]
[BlackElo "2386"]
[PlyCount "30"]
[EventDate "2008.11.07"]
[EventType "team"]
[EventRounds "11"]
[EventCountry "AUT"]
[WhiteTeam "SK Advisory Invest Baden"]
[BlackTeam "ASVOE Pamhagen"]

1.e4 c5 2.Nf3 d6 3.d4 Nf6 4.Nc3 cxd4 5.Nxd4 g6 6.Be2 Bg7 7.O-O Nc6 8.Nb3 O-O
9.Bg5 b6 10.f4 Bb7 11.Bf3 b5 12.Kh1 b4 13.Nd5 a5 14.Nxf6+ exf6 15.Bh4 Qc7

[Event "Aut_chT0809"]
[Site "Graz"]
[Date "2008.11.07"]
[Round "1"]
[Board "6"]
[White "Lipka, Juraj"]
[Black "Loeffler, Stefan"]
[Result "1/2-1/2"]
[WhiteElo "2426"]
[BlackElo "2411"]
[PlyCount "37"]
[EventDate "2008.11.07"]
[EventType "team"]
[EventRounds "11"]
[EventCountry "AUT"]
[WhiteTeam "ASVOE Pamhagen"]
[BlackTeam "SK Advisory Invest Baden"]

1.Nf3 Nf6 2.c4 e6 3.g3 a6 4.Bg2 b5 5.b3 c5 6.Nc3 Qb6 7.e3 Be7 8.Qe2 Nc6 9.O-O
Rb8 10.Rd1 Qa5 11.Ne1 h5 12.Bb2 bxc4 13.Qxc4 h4 14.Ne4 hxg3 15.hxg3 d5 16.Nxf6+
Bxf6 17.Qc1 Ne5 18.d4 cxd4 19.Bxd4

[Event "Aut_chT0809"]
[Site "Graz"]
[Date "2008.11.07"]
[Round "1"]
[Board "1"]
[White "Neubauer, Martin"]
[Black "Gustafsson, Jan"]
[Result "1/2-1/2"]
[WhiteElo "2417"]
[BlackElo "2634"]
[PlyCount "29"]
[EventDate "2008.11.07"]
[EventType "team"]
[EventRounds "11"]
[EventCountry "AUT"]
[WhiteTeam "SK ASVOE Raika St.Veit/Gl."]
[BlackTeam "SK Hohenems"]

1.d4 d5 2.c4 c6 3.Nf3 Nf6 4.Nc3 e6 5.Bg5 h6 6.Bxf6 Qxf6 7.Qc2 Nd7 8.e4 dxc4
9.Bxc4 e5 10.O-O Bd6 11.d5 O-O 12.dxc6 bxc6 13.Rac1 Bb7 14.Rfd1 Rad8 15.Na4

[Event "Aut_chT0809"]
[Site "Graz"]
[Date "2008.11.07"]
[Round "1"]
[Board "2"]
[White "Rozentalis, Eduardas"]
[Black "Sikula, Vaszilij"]
[Result "1-0"]
[WhiteElo "2590"]
[BlackElo "2540"]
[PlyCount "45"]
[EventDate "2008.11.07"]
[EventType "team"]
[EventRounds "11"]
[EventCountry "AUT"]
[WhiteTeam "SK Hohenems"]
[BlackTeam "SK ASVOE Raika St.Veit/Gl."]

1.e4 c5 2.Nf3 e6 3.c3 Nf6 4.e5 Nd5 5.Bc4 d6 6.O-O dxe5 7.Nxe5 Bd6 8.d4 O-O 9.Re1
Qc7 10.Na3 a6 11.Bd3 cxd4 12.cxd4 b5 13.Bd2 Bb7 14.Qh5 g6 15.Qh6 Nc6 16.Rac1
Rfc8 17.Be4 Bf8 18.Qh4 Qd8 19.Bg5 Be7 20.Nxf7 Qf8 21.Bxd5 exd5 22.Nh6+ Kh8
23.Rxe7

[Event "Aut_chT0809"]
[Site "Graz"]
[Date "2008.11.07"]
[Round "1"]
[Board "3"]
[White "Bosiocic, Marin"]
[Black "Baramidze, David"]
[Result "1/2-1/2"]
[WhiteElo "2578"]
[BlackElo "2548"]
[PlyCount "59"]
[EventDate "2008.11.07"]
[EventType "team"]
[EventRounds "11"]
[EventCountry "AUT"]
[WhiteTeam "SK ASVOE Raika St.Veit/Gl."]
[BlackTeam "SK Hohenems"]

1.d4 d5 2.c4 c6 3.Nf3 Nf6 4.Nc3 e6 5.e3 Nbd7 6.Qc2 Bd6 7.g4 h6 8.h3 Qe7 9.Bd2 a6
10.O-O-O b5 11.c5 Bc7 12.Rg1 a5 13.g5 hxg5 14.Nxg5 Ba6 15.f3 e5 16.Ne2 b4 17.Kb1
O-O-O 18.dxe5 Nxe5 19.Nd4 Bxf1 20.Rdxf1 Kb7 21.b3 g6 22.Rc1 Rh5 23.a3 bxa3
24.Ka2 Ra8 25.f4 Ned7 26.b4 axb4 27.Qb3 Nb8 28.Qxb4+ Kc8 29.Rb1 Ra7 30.Rb3

[Event "Aut_chT0809"]
[Site "Graz"]
[Date "2008.11.07"]
[Round "1"]
[Board "4"]
[White "Atlas, Valery"]
[Black "Rogic, Davor"]
[Result "1-0"]
[WhiteElo "2431"]
[BlackElo "2503"]
[PlyCount "47"]
[EventDate "2008.11.07"]
[EventType "team"]
[EventRounds "11"]
[EventCountry "AUT"]
[WhiteTeam "SK Hohenems"]
[BlackTeam "SK ASVOE Raika St.Veit/Gl."]

1.e4 e5 2.Nf3 Nc6 3.Bc4 Bc5 4.c3 Nf6 5.d3 a6 6.h3 Ba7 7.Bb3 d6 8.Nbd2 O-O 9.Nf1
Ne7 10.Ng3 Nd7 11.d4 h6 12.O-O Re8 13.Nh4 exd4 14.Qh5 d5 15.Bxh6 Nc5 16.Bxd5
Nxd5 17.Bxg7 Kxg7 18.Nhf5+ Bxf5 19.Nxf5+ Kf6 20.Qh6+ Ke5 21.cxd4+ Kxe4 22.f3+
Kd3 23.Rac1 Nb3 24.Rfd1+

[Event "Aut_chT0809"]
[Site "Graz"]
[Date "2008.11.07"]
[Round "1"]
[Board "5"]
[White "Hoelzl, Franz"]
[Black "Novkovic, Milan"]
[Result "1/2-1/2"]
[WhiteElo "2356"]
[BlackElo "2407"]
[PlyCount "115"]
[EventDate "2008.11.07"]
[EventType "team"]
[EventRounds "11"]
[EventCountry "AUT"]
[WhiteTeam "SK ASVOE Raika St.Veit/Gl."]
[BlackTeam "SK Hohenems"]

1.c4 e6 2.Nf3 d5 3.d4 c6 4.Nc3 Nf6 5.Bg5 Nbd7 6.e3 Qa5 7.cxd5 exd5 8.Nd2 Be7
9.Bd3 O-O 10.O-O Qd8 11.a3 a5 12.Qc2 Re8 13.b4 axb4 14.axb4 Rxa1 15.Rxa1 h6
16.Bxf6 Nxf6 17.b5 c5 18.dxc5 Bxc5 19.Nb3 Bd6 20.g3 Qe7 21.Nd4 g6 22.Bf1 Rd8
23.Ra8 Bg4 24.Rxd8+ Qxd8 25.h3 Bd7 26.Bg2 Qc7 27.Qb3 Be6 28.Nce2 Qc5 29.Qb2 Nd7
30.Nf4 Bxf4 31.gxf4 Qd6 32.Nxe6 fxe6 33.Qc2 Nf8 34.Qc8 b6 35.Qc6 Qb8 36.h4 h5
37.Bf3 Qd8 38.Kf1 d4 39.Qe4 dxe3 40.fxe3 Qd2 41.Be2 Qd8 42.Bc4 Kf7 43.Qb7+ Kf6
44.Ke2 Qd6 45.Bd3 Nd7 46.Qc6 Qe7 47.Qe4 Qf7 48.Qa8 Kg7 49.Qd8 e5 50.f5 gxf5
51.Qg5+ Qg6 52.Bxf5 Qxg5 53.hxg5 Nc5 54.Kf3 Kf7 55.Bc2 Nb7 56.Kg3 Nd6 57.Bd3 Kg7
58.Kf3

[Event "Aut_chT0809"]
[Site "Graz"]
[Date "2008.11.07"]
[Round "1"]
[Board "6"]
[White "Froewis, Georg"]
[Black "Jurkovic, Hrvoje"]
[Result "1/2-1/2"]
[WhiteElo "2255"]
[BlackElo "2405"]
[PlyCount "83"]
[EventDate "2008.11.07"]
[EventType "team"]
[EventRounds "11"]
[EventCountry "AUT"]
[WhiteTeam "SK Hohenems"]
[BlackTeam "SK ASVOE Raika St.Veit/Gl."]

1.e4 c5 2.Nf3 e6 3.c4 Nc6 4.Nc3 a6 5.Be2 Qc7 6.O-O Nf6 7.d4 cxd4 8.Nxd4 d6 9.Be3
Bd7 10.Rc1 Rc8 11.f4 Qb8 12.Nb3 Be7 13.c5 dxc5 14.e5 Nd5 15.Nxd5 exd5 16.Nxc5
Bf5 17.Bg4 Bxg4 18.Qxg4 O-O 19.Nd7 Qa8 20.Rf3 g6 21.Nb6 Qb8 22.Nd7 Qa8 23.Nb6
Qb8 24.Nxd5 Rcd8 25.Nf6+ Bxf6 26.exf6 Nd4 27.Bxd4 Rxd4 28.h4 Qd8 29.Qg5 Rd6
30.f5 Rxf6 31.Rcf1 Kg7 32.Qg3 Qd6 33.Qg4 b5 34.Kh1 h6 35.b4 Qe5 36.fxg6 fxg6
37.Rxf6 Rxf6 38.Qd7+ Kg8 39.Qc8+ Kg7 40.Qd7+ Kg8 41.Qd8+ Kg7 42.Qd7+

[Event "Aut_chT0809"]
[Site "Graz"]
[Date "2008.11.07"]
[Round "1"]
[Board "1"]
[White "Shengelia, Davit"]
[Black "Miroshnichenko, Evgenij"]
[Result "1/2-1/2"]
[WhiteElo "2547"]
[BlackElo "2667"]
[PlyCount "39"]
[EventDate "2008.11.07"]
[EventType "team"]
[EventRounds "11"]
[EventCountry "AUT"]
[WhiteTeam "Styria Graz"]
[BlackTeam "ASVOE Wulkaprodersdorf"]

1.d4 Nf6 2.Nf3 g6 3.c4 Bg7 4.g3 O-O 5.Bg2 c5 6.Nc3 cxd4 7.Qxd4 Nc6 8.Qh4 d6
9.O-O Bg4 10.Bh6 Bxf3 11.exf3 Qb6 12.b3 Qd4 13.Qxd4 Nxd4 14.Bxg7 Kxg7 15.f4 Rab8
16.Rad1 Nc6 17.Rfe1 Rfe8 18.Rd2 Kf8 19.Nd5 Nd7 20.Rde2

[Event "Aut_chT0809"]
[Site "Graz"]
[Date "2008.11.07"]
[Round "1"]
[Board "4"]
[White "Volkmann, Friedrich Karl"]
[Black "Luther, Thomas"]
[Result "1/2-1/2"]
[WhiteElo "2444"]
[BlackElo "2536"]
[PlyCount "41"]
[EventDate "2008.11.07"]
[EventType "team"]
[EventRounds "11"]
[EventCountry "AUT"]
[WhiteTeam "ASVOE Wulkaprodersdorf"]
[BlackTeam "Styria Graz"]

1.e4 e6 2.d4 d5 3.Nc3 Nf6 4.e5 Nfd7 5.f4 c5 6.Nf3 Nc6 7.Ne2 Be7 8.c3 O-O 9.h4 f6
10.a3 a5 11.b3 Qc7 12.Be3 b6 13.Neg1 Ba6 14.Bxa6 Rxa6 15.Ne2 cxd4 16.cxd4 b5
17.O-O a4 18.Qd3 axb3 19.Qxb3 Qb6 20.Nc3 Na5 21.Qxb5

[Event "Aut_chT0809"]
[Site "Graz"]
[Date "2008.11.07"]
[Round "1"]
[Board "5"]
[White "Ribli, Zoltan"]
[Black "Schweda, Roland"]
[Result "1-0"]
[WhiteElo "2577"]
[BlackElo "2420"]
[PlyCount "109"]
[EventDate "2008.11.07"]
[EventType "team"]
[EventRounds "11"]
[EventCountry "AUT"]
[WhiteTeam "Styria Graz"]
[BlackTeam "ASVOE Wulkaprodersdorf"]

1.Nf3 Nf6 2.c4 g6 3.g3 Bg7 4.Bg2 O-O 5.Nc3 c6 6.d4 d6 7.O-O a6 8.e4 Bg4 9.h3
Bxf3 10.Bxf3 Nfd7 11.Be3 c5 12.d5 b5 13.Be2 b4 14.Na4 Nb6 15.Nxb6 Qxb6 16.Qd2
Nd7 17.Kg2 Qc7 18.Rac1 Nb6 19.h4 e6 20.h5 exd5 21.exd5 f5 22.Rh1 Qe7 23.hxg6
hxg6 24.Bg5 Qf7 25.Rh4 Rae8 26.Rch1 Nd7 27.Bh6 Nf6 28.Bf3 Bxh6 29.Rxh6 Qg7 30.a3
a5 31.axb4 axb4 32.Qd1 Nh5 33.R1xh5 gxh5 34.Rxd6 Rd8 35.Re6 h4 36.d6 Rf6 37.Re7
Qg6 38.Qd5+ Kf8 39.Qxc5 hxg3 40.d7 gxf2+ 41.Kxf2 Rd6 42.Re5 R8xd7 43.Rxf5+ Ke7
44.Bc6 Qh6 45.Bxd7 Qh2+ 46.Kf3 Qh3+ 47.Ke2 Qg4+ 48.Rf3 Kxd7 49.Qf5+ Qxf5 50.Rxf5
Rh6 51.b3 Rh3 52.Rf3 Rh2+ 53.Kd3 Ke6 54.Kd4 Rc2 55.Rh3

[Event "Aut_chT0809"]
[Site "Graz"]
[Date "2008.11.07"]
[Round "1"]
[Board "6"]
[White "Kopinits, Anna-Christina"]
[Black "Hatzl, Stefan"]
[Result "1/2-1/2"]
[WhiteElo "2268"]
[BlackElo "2148"]
[PlyCount "32"]
[EventDate "2008.11.07"]
[EventType "team"]
[EventRounds "11"]
[EventCountry "AUT"]
[WhiteTeam "ASVOE Wulkaprodersdorf"]
[BlackTeam "Styria Graz"]

1.e4 e6 2.d4 d5 3.Nd2 Nf6 4.e5 Nfd7 5.f4 c5 6.c3 Nc6 7.Ndf3 Qa5 8.a3 Nxd4 9.Nxd4
cxd4 10.b4 Qc7 11.Qxd4 Nb6 12.Nf3 Bd7 13.Be3 Be7 14.Bd3 f6 15.O-O O-O 16.Rac1
Rac8

[Event "Aut_chT0809"]
[Site "Graz"]
[Date "2008.11.07"]
[Round "1"]
[Board "1"]
[White "Dizdar, Goran"]
[Black "Gyimesi, Zoltan"]
[Result "1/2-1/2"]
[WhiteElo "2565"]
[BlackElo "2582"]
[PlyCount "29"]
[EventDate "2008.11.07"]
[EventType "team"]
[EventRounds "11"]
[EventCountry "AUT"]
[WhiteTeam "SK Absam"]
[BlackTeam "Sparkasse Jenbach"]

1.d4 Nf6 2.c4 e6 3.Nf3 d5 4.g3 dxc4 5.Qa4+ Nbd7 6.Bg2 a6 7.Nc3 Rb8 8.Qxc4 b5
9.Qd3 Bb7 10.O-O c5 11.dxc5 Bxc5 12.Bf4 Rc8 13.Nd2 Bxg2 14.Kxg2 O-O 15.a4

[Event "Aut_chT0809"]
[Site "Graz"]
[Date "2008.11.07"]
[Round "1"]
[Board "2"]
[White "Schlosser, Philipp"]
[Black "Levin, Felix"]
[Result "1-0"]
[WhiteElo "2570"]
[BlackElo "2536"]
[PlyCount "97"]
[EventDate "2008.11.07"]
[EventType "team"]
[EventRounds "11"]
[EventCountry "AUT"]
[WhiteTeam "Sparkasse Jenbach"]
[BlackTeam "SK Absam"]

1.d4 d5 2.c4 c6 3.Nf3 Nf6 4.e3 Bg4 5.h3 Bxf3 6.Qxf3 e6 7.Nc3 Nbd7 8.Bd3 Bb4
9.O-O O-O 10.a3 Ba5 11.b4 Bc7 12.cxd5 cxd5 13.e4 dxe4 14.Nxe4 h6 15.Nc5 b6
16.Nxd7 Nxd7 17.Be4 Rb8 18.d5 Nf6 19.dxe6 fxe6 20.Bb2 Nxe4 21.Qxe4 Qd6 22.g3 Rf5
23.Rad1 Qe7 24.Rfe1 Rbf8 25.Bd4 e5 26.Be3 Qf7 27.Re2 Bd8 28.Rd5 Qe6 29.Kg2 Bc7
30.Rc2 R5f7 31.b5 Bb8 32.a4 Qf5 33.Qxf5 Rxf5 34.Rc6 Re8 35.Kf1 Rf7 36.Ke2 e4
37.Rc4 Bc7 38.h4 Rfe7 39.a5 bxa5 40.Bxa7 e3 41.Bc5 Re6 42.fxe3 Bxg3 43.b6 Rf6
44.Rg4 Rf2+ 45.Kd3 Rf3 46.Bd4 g5 47.hxg5 h5 48.Re4 Rxe4 49.Kxe4